Przyłącz losowe europejskie państwa do jego hymnu - Statystyki

Ogólne statystyki
  • Ten quiz został rozwiązany 184 razy
  • Średni wynik to 6 z 10
Statystyki odpowiedzi
Hymn Państwo % Poprawnych
Državna himna Bosne i Hercegovine Bośnia i Hercegowina
100%
Mazurek Dąbrowskiego Polska
100%
Szcze ne wmerła Ukrajiny i sława, i wola Ukraina
100%
Dziarżauny himn Respubliki Biełaruś Białoruś
97%
Das Deutschlandlied Niemcy
97%
A Portuguesa Portugalia
97%
Il Canto degli Italiani Włochy
97%
God Save The King Wielka Brytania
95%
Gosudarstwiennyj gimn Rossijskoj Fiedieracyi Rosja
94%
Deșteaptă-te, române Rumunia
93%
Marsylianka Francja
92%
Denes nad Makedonija Macedonia Północna
89%
Marcha Real Hiszpania
86%
Dievs, svētī Latviju Łotwa
86%
Schweizer Psalm Szwajcaria
86%
Isten, áldd meg a magyart Węgry
86%
Nad Tatrou sa blýska Słowacja
77%
İstiklâl Marşı Turcja
76%
L-Innu Malti Malta
67%
Zdravljica Słowenia
64%
Wilhelmus van Nassouwe Holandia
63%
Ja, vi elsker dette Landet Norwegia
63%
Inno Pontificio Watykan
63%
Kde domov můj Czechy
62%
Bože pravde Serbia
62%
Land der Berge, Land am Strome Austria
58%
Oben am jungen Rhein Liechtenstein
57%
Lijepa naša domovino Chorwacja
53%
Der er et yndigt land Dania
52%
Lofsöngur Islandia
51%
El Gran Carlemany Andora
50%
Mu isamaa, mu õnn ja rõõm Estonia
48%
Oj, svijetla majska zoro Czarnogóra
46%
Amhrán na bhFiann Irlandia
42%
Mila Rodino Bułgaria
37%
Maamme Finlandia
37%
Tautiška giesmė Litwa
37%
Brabançonne Belgia
29%
Ons Hémécht Luksemburg
28%
Limba noastra Mołdawia
26%
Hymni i Flamurit Albania
21%
Evropa Kosowo
21%
A Marcia de Muneghu Monako
13%
Du gamla, du fria Szwecja
9%
Nie znaleziono quizów pasujących do podanych kryteriów
Rozkład punktacji
Procent ludzi z każdym wynikiem
Percentyl według liczby udzielonych odpowiedzi
Twoja historia wyników
Nie rozwiązałeś tego quizu